02868cam a22005055i 450000100090000000300040000900500170001300800410003001000170007101500190008801600180010702000250012502000280015002000260017802000290020402000250023303500240025804000660028204100130034804200140036104300120037508200190038710000440040624000230045024500630047326400430053630000230057933600260060233700280062833800270065650000630068352010840074654600330183065000410186365100210190465100370192565500390196265500200200170000450202190600450206690600450211194200440215695201450220099900170234523230165OSt20231005144633.0220607s2022 enk 000 1 eng d a 2023446225 aGBC2D54052bnb7 a0207003392Uk a1398516341qhardback a9781398516342qhardback a139851635Xqpaperback a9781398516359qpaperback z9781398516366qebook a(OCoLC)on1291363235 aYDXbengerdacYDXdNZLEPdUKMGBdOCLCFdSINLBdCDXdOCLdDLC1 aenghswe alccopycat ae-sw---04a839.738bBAC/W1 aBackman, Fredrik,d1981-eauthor.9966810aVinnarna.lEnglish14aThe winners /cFredrik Backman ; translated by Neil Smith. 1aLondon :bSimon & Schuster Ltd,c2022. a673 pages ;c24 cm atextbtxt2rdacontent aunmediatedbn2rdamedia avolumebnc2rdacarrier aOriginally published in Sweden as Vinnarna by Forum, 2021. aThe long-awaited conclusion to the beloved New York Times bestselling and 'engrossing' (People) Beartown series - which inspired an HBO series of the same name - follows the small hockey town's residents as they grapple with change, pain, hope, and redemption. Two years have passed since the events that no one wants to think about. Everyone has tried to move on, but there's something about this place that prevents it. The residents continue to grapple with life's big questions: What is a family? What is a community? And what, if anything, are we willing to sacrifice in order to protect them? As the locals of Beartown struggle to overcome the past, great change is on the horizon. Someone is coming home after a long time away. Someone will be laid to rest. Someone will fall in love, someone will try to fix their marriage, and someone will do anything to save their children. Someone will submit to hate, someone will fight, and someone will grab a gun and walk towards the ice rink. So what are the residents of Beartown willing to sacrifice for their home? Everything. aTranslated from the Swedish. 0aBeartown (Imaginary place)vFiction. 0aSwedenvFiction. 7aSweden2fast0(OCoLC)fst01204537 7aFiction.2fast0(OCoLC)fst01423787 7aFiction.2lcgft1 aSmith, Neilq(Neil Andrew),etranslator. a0bibcccopycatd3encipf20gy-gencatlg a0bibccorigresduencipf20gy-gencatlg 2ddccBKh839.738iBAC/Wk839.738mBAC/W 00102ddc40708FICaMESbMEScENGd2023-10-05l3m1o839.738 BAC/Wp42767r2025-11-24 13:45:35s2025-11-20v699.00w2023-10-05yBKzGR12R2 c42535d42535